000 00682nam a2200169 a 4500
001 000027242
005 20200930030709.0
008 110330s1941 dr 000 | spa d
040 _aDO-SdBNP
_bspa
_cBNPHU
082 _axxx
_bR426r
110 1 _aRepública Dominicana.
_bSecretaría de Estado del Tesoro y Comercio.
_bServicio Aduanero
_954301
245 1 0 _aRecopilación de leyes para el régimen de las aduanas y relacionadas con el procedimiento para el cobro de impuestos fiscales.
260 _aCiudad Trujillo, República Dominicana :
_bDirección General de Aduanas,
_c1941.
300 _a112 p. ;
_c23 cm.
500 _aIncluye notas al pie de las páginas.
049 _aBNPD
999 _c26734
_d26734